000 00774nam a2200169Ia 4500
008 100122s9999 xx 000 0 und d
082 _b49640
_a291.5
100 _aबेलसरे केशव वि
245 _aअंतर्यात्रा
260 _bत्रिदल प्रकाशन
_c1986
300 _a135
520 _aआत्मस्वरुप-परमार्थ-हिंदुसंत-अतींद्रिय अनुभव-नामस्मरण
620 _aआत्मस्वरुप-परमार्थ-हिंदुसंत-अतींद्रिय अनुभव-नामस्मरण
630 _aअंतर्यात्रा
730 _aअंतर्यात्रा
942 _cBOOK
999 _c427490
_d427487